000 00505nam a2200181Ia 4500
001 25202
003 IN-NITTTR
005 20251114233320.0
008 251113s9999||||xx |||||||||||||| ||eng||
040 _beng
040 _cIN-NITTTR
041 _aeng
082 _a003.3 D423S
100 _aWixom, Dennis Alan
245 0 _aSystems analysis and design :
_b An object-oriented approach with UML /
_cWixom, Dennis Alan, Tegarden, Barbara Haley
700 _a Tegarden, Barbara Haley
942 _2ddc
_cBK
999 _c27831
_d27831